|
|
|
|
| LEADER |
01091nam a2200373 4500 |
| 001 |
DLU090091835 |
| 005 |
##20091201 |
| 040 |
# |
# |
|a DLU
|b eng
|
| 041 |
# |
# |
|a eng
|
| 044 |
# |
# |
|a us
|
| 245 |
# |
# |
|a Isolation and identification of helicobacter spp. from canine and feline gastric mucosa /
|c Katri Jalava ... [et al.].
|
| 653 |
# |
# |
|a Helicobacter
|
| 653 |
# |
# |
|a Identification
|
| 653 |
# |
# |
|a Isolation
|
| 653 |
# |
# |
|a Morphology
|
| 653 |
# |
# |
|a Mucosa
|
| 653 |
# |
# |
|a Phenotype
|
| 653 |
# |
# |
|a Prevalence
|
| 700 |
# |
# |
|a Hanninen, Marja-Liisa.
|
| 700 |
# |
# |
|a Happonen, Irmeli.
|
| 700 |
# |
# |
|a Jalava, Katri.
|
| 700 |
# |
# |
|a On, Stephen L. W.
|
| 700 |
# |
# |
|a Sukura, Antti.
|
| 700 |
# |
# |
|a Vandamme, Peter A. R.
|
| 773 |
# |
# |
|t Applied and Environmental Microbiology
|g Vol. 64, no. 10 (October 1998), p. 3998-4006
|
| 920 |
# |
# |
|a Phòng Tạp chí -- Trung tâm Thông tin - Thư viện Trường Đại học Đà Lạt
|
| 994 |
# |
# |
|a DLU
|
| 900 |
# |
# |
|a True
|
| 911 |
# |
# |
|a Trương Bảo Trâm Anh
|
| 925 |
# |
# |
|a G
|
| 926 |
# |
# |
|a A
|
| 927 |
# |
# |
|a BB
|
| 980 |
# |
# |
|a Thư viện Trường Đại học Đà Lạt
|